| 000 | 00749nam0a22002291 4500 | ||
|---|---|---|---|
| 001 | rc\2658587 | ||
| 005 | 20250529193142.0 | ||
| 035 | _a(NLR Aleph) 006965753 | ||
| 090 |
_a5390030 _c5390030 |
||
| 100 | _a20110615d1932 |||y0rusy50 ca | ||
| 101 | 0 | _arus | |
| 102 | _aRU | ||
| 105 | _ay z ||||| | ||
| 200 | 1 |
_aСоцстрах и производительность труда _fА.Н. Либстер |
|
| 210 |
_aМосква _aЛенинград _cСоцэкгиз _d1932 _e[Москва] _gтип. ФЗУ Мособлполиграфа |
||
| 215 |
_a47 с., включ. обл. _d15х11 см |
||
| 700 | 1 |
_aЛибстер _bА.Н. |
|
| 801 | 0 |
_aRU _bNLR _gpsbo |
|
| 801 | 1 |
_aRU _bELAR _2rusmarc |
|
| 852 |
_aNLR _j32-8/10745 |
||
| 942 | _cBOOK | ||
| 980 | _aNB | ||